Ekonomicko-matematické metody

Gespeichert in:
Bibliographische Detailangaben
1. Verfasser: Získal, Jan
Körperschaft: Vysoká škola ekonomická v Praze. Výrobně ekonomická fakulta
Format: Buch
Sprache:Tschechisch
Veröffentlicht: Praha Státní pedagogické nakladatelství 1981
Tags: Tag hinzufügen
Keine Tags, Fügen Sie das erste Tag hinzu!

MARC

LEADER 00000nam a2200000 4500
001 c133947
005 20190509132430.5
041 0 |a cze 
044 |a CZ 
245 1 0 |a Ekonomicko-matematické metody  |c Jan Získal 
264 1 |a Praha  |b Státní pedagogické nakladatelství  |c 1981 
300 |a 241 s.  |e príl. 
100 1 |a Získal, Jan 
710 2 |a Vysoká škola ekonomická v Praze. Výrobně ekonomická fakulta